TRSŤ OBECNÁ A MOŽNOSTI JEJ VYUŽITIA NA ZÚRODNENIE ALKALIZOVANÝCH PÔD

Bibliographic Details
Main Authors: Kvetko, Igor (Author), Hajdúk, J. (Author), Hronec, Ondrej, 1938-2023 (Author), Andrejovský, P. (Author)
Format: Article
Language:Slovak
ISBN:808898517X

MARC

LEADER 00000naa a2200000uu 4500
001 vtls010958068
003 SK-MaSNL
005 20260302143109.0
008 210910|2000 xo |||||||||||||||||slo|
015 |a SNBRA 
035 |a (urnnbn)urn:nbn:sk:snk:ar-a0bpgb 
035 |a (uuid)e6f04cdb-cd18-4112-9b78-fbce0e2a4abb 
035 |a urn:nbn:sk:snk-aauh6g 
040 |a SNKBUCL  |b slo  |c SNKBUCL  |e AACR2 
041 0 |a slo 
044 |a xo  |c SK 
100 1 |a Kvetko, Igor  |4 aut  |9 779296 
245 1 0 |a TRSŤ OBECNÁ A MOŽNOSTI JEJ VYUŽITIA NA ZÚRODNENIE ALKALIZOVANÝCH PÔD  |c I. Kvetko, J. Hajdúk, O. Hronec, P. Andrejovský 
246 3 |a PHRAGMITES AUTRALIS AND POSSIBILITY OF ITS UTILITY FOR THE FERTILIZATION OF ALCALISED SOILS 
700 1 |a Hajdúk, J.  |4 aut  |9 623249 
700 1 |a Hronec, Ondrej,  |d 1938-2023  |4 aut  |9 190912 
700 1 |a Andrejovský, P.  |4 aut  |9 832807 
773 0 |t O ekológii vo vybraných aglomeráciach Jelšavy-Lubeníka a stredného Spiša  |d Košice : [Univerzita veterinárskeho lekárstva, 2000, 2000  |g S. 50-54  |z 808898517X 
958 |a OND 
958 |a article11 
958 |a chapter 
999 |c 1342540  |d 1344470